Départements français non hydronymes - Statistiques

Statistiques générales
  • Ce quiz a été pris 64 fois
  • Le résultat moyen est 27 sur 34
Statistiques - réponses
Origine du nom Réponse % Correct
Localisation Finistère
95%
Nom d'une île Guadeloupe
95%
Montagne ou massif Jura
95%
Montagne ou massif Hautes-Alpes
93%
Nom d'une île La Réunion
93%
Nom d'une île Martinique
93%
Montagne ou massif Pyrénées-Orientales
93%
Montagne ou massif Alpes-de-Haute-Provence
87%
Caractéristique géographique Côtes-d'Armor
87%
Nom d'une île Guyane
87%
Ville importante Paris
87%
Caractéristique géographique Morbihan
85%
Localisation Nord
85%
Montagne ou massif Pyrénées-Atlantiques
85%
Montagne ou massif Alpes-Maritimes
84%
Montagne ou massif Hautes-Pyrénées
84%
Nom d'une île Mayotte
84%
Nom d'une île Haute-Corse
82%
Montagne ou massif Vosges
82%
Nom d'une île Corse-du-Sud
80%
Aire culturelle Haute-Savoie
80%
Caractéristique géographique Pas-de-Calais
80%
Aire culturelle Savoie
80%
Montagne ou massif Cantal
76%
Montagne ou massif Puy-de-Dôme
76%
Incertain Côte-d'Or
75%
Ville importante Territoire de Belfort
75%
Caractéristique géographique Calvados
71%
Caractéristique géographique Landes
67%
Montagne ou massif Ardennes
60%
Caractéristique géographique Manche
56%
Caractéristique géographique Vaucluse
47%
Caractéristique géographique Gironde
45%
Caractéristique géographique Yvelines
44%
Aucun quiz correspondant
Distribution des résultats
% des personnes avec chaque résultat
Percentile par nombre de réponses
Votre historique - résultats
Vous n’avez pas pris ce quiz